Enzýmy potrebné na zužitkovanie rastlinných hemicelulóz dizertačná práca

Salvato in:
Dettagli Bibliografici
Autore principale: Fraňová, Lucia
Natura: Libro
Lingua:slovacco
Pubblicazione: Bratislava STU FCHPT 2018
Accesso online:Visualizza in OPAC
Tags: Aggiungi Tag
Nessun Tag, puoi essere il primo ad aggiungerne!!

MARC

LEADER 00000nam a2200000 a 4500
005 20260127134233.0
008 200512 2018 xo a 001 0 slo d
035 |a vtls011960595 
039 9 |y 202005121239  |z mschk03 
040 |a STUSCHK1  |b slo  |c STUSCHK1  |e AACR2 
100 1 |a Fraňová, Lucia 
245 1 |a Enzýmy potrebné na zužitkovanie rastlinných hemicelulóz  |b dizertačná práca  |c Lucia Fraňová 
260 |a Bratislava  |b STU FCHPT  |c 2018 
300 |a 105 s.  |b tab., obr.  |c 25 cm 
500 |a Študijný program: biochémia 
500 |a Študijný odbor: biochémia 
500 |a Školiace pracovisko: Chemický ústav SAV, Ústav biochémie a mikrobiológie 
500 |a Evid. Číslo: FCHPT-10859-65302 
910 |a SCHK95 
999 |c 7488  |d 7488